000 00461nam a2200181Ia 4500
008 240925s9999 xx 000 0 und d
020 _aNA
082 _a005.7565 EDW
100 _aEdward, Honour
245 0 _aOracle How-to
250 _aNA
260 _aIndia:
_bTechmedia publications
_cNA
300 _a782p.
_bNA
_fNA
500 _aIncludes Index
600 _aComputer Science
650 _aComputer science, information & general works
942 _cBK
999 _c4196
_d4196